书目信息 |
| 题名: |
大才精诚
|
|
| 作者: | 张彦 , 张彦 著 | |
| 分册: | ||
| 出版信息: | 北京 人民出版社 2007.04 |
|
| 页数: | 286页 | |
| 开本: | 20cm | |
| 丛书名: | ||
| 单 册: | ||
| 中图分类: | D432.62 | |
| 科图分类: | ||
| 主题词: | 青年组织 | |
| 电子资源: | ||
| ISBN: | 978-7-01-006132-0 | |
| 000 | 00751 nam 000265 | |
| 001 | 012000026333 | |
| 005 | 20091117151137.73 | |
| 010 | @a978-7-01-006132-0@dCNY36.00 | |
| 100 | @a20020101d2006 em y0chiy0121 ea | |
| 101 | @achi | |
| 102 | @aCN@b110000 | |
| 105 | @ay z 000yy | |
| 106 | @ar | |
| 200 | 10 | @a大才精诚@Ada cai jing cheng@9ren cai jing cheng@e17位当代北大人的励志故事@f张彦主编@Fzhang yan zhu bian |
| 210 | @a北京@c人民出版社@d2007.04 | |
| 215 | @a286页@d20cm | |
| 517 | 1 | @a17位当代北大人的励志故事 |
| 540 | @a人才精诚 | |
| 606 | @a青年组织 | |
| 690 | @aD432.62@v4 | |
| 701 | 0 | @a张彦@9zhang yan@4著 |
| 701 | 0 | @a张彦@Azhang yan@4主编 |
| 801 | @aCN@c20091117 | |
| 901 | @a209106 | |
| 905 | @b928620-24@dD432.62@eZ225@f5 | |
| 大才精诚:17位当代北大人的励志故事/张彦主编.-北京:人民出版社,2007.04 |
| 286页;20cm |
| ISBN 978-7-01-006132-0:CNY36.00 |
| ● |
| 相关链接 |
|
|
|
正题名:大才精诚
索取号:D432.62/Z225
 
预约/预借
| 序号 | 登录号 | 条形码 | 馆藏地/架位号 | 状态 | 备注 |
| 1 | 928620 | 209286208 | 社科库509/509社科库 70排5列6层/ [索取号:D432.62/Z225] | 在馆 | |
| 2 | 928621 | 209286217 | 社科库509/422社科库 42排3列3层/ [索取号:D432.62/Z225] | 在馆 | |
| 3 | 928622 | 209286226 | 社科库509/509社科库 70排5列6层/ [索取号:D432.62/Z225] | 在馆 | |
| 4 | 928623 | 209286235 | 社科库509/ [索取号:D432.62/Z225] |
已借出,限还日期为2037.02.16 借出人:中级法院 |
|
| 5 | 928624 | 209286244 | 社科库509/422社科库 42排3列3层/ [索取号:D432.62/Z225] | 在馆 |